Indian banking system / (Record no. 40540)

MARC details
000 -LEADER
fixed length control field 00670nam a22001937a 4500
005 - DATE AND TIME OF LATEST TRANSACTION
control field 20100810112645.0
010 ## - LCCN (DPL NO)
LC control number ENG-99358
020 ## - INTERNATIONAL STANDARD BOOK NUMBER
International Standard Book Number 9788190860161
Terms of availability 75.00
035 ## - SYSTEM CONTROL NUMBER
System control number EN-82890
037 ## - SOURCE OF ACQUISITION
Source of stock number/acquisition DBAD/PUB
082 ## - DEWEY DECIMAL CLASSIFICATION NUMBER
Classification number 332.10954
100 ## - MAIN ENTRY--PERSONAL NAME
Personal name Muneeswaran,K
245 ## - TITLE STATEMENT
Title Indian banking system /
Statement of responsibility, etc by K Muneeswaran
260 ## - PUBLICATION, DISTRIBUTION, ETC. (IMPRINT)
Place of publication, distribution, etc Madurai
Name of publisher, distributor, etc Radhai Publications
Date of publication, distribution, etc 2009
270 ## - ADDRESS
Address Radhai Publications Shanthinagar
City Madurai
Postal code 18
300 ## - PHYSICAL DESCRIPTION
Extent 134p
Dimensions 19cm(pbk)
942 ## - ADDED ENTRY ELEMENTS (KOHA)
Source of classification or shelving scheme Dewey Decimal Classification
Item type English Books
Classification part 332.10954
Call number suffix MUN
Holdings
Withdrawn status Lost status Not for loan Collection code Home library Current library Date acquired Source of acquisition Cost, normal purchase price Full call number Barcode Copy number Cost, replacement price Koha item type
    Not For Loan Non-fiction D.B.Act.Division D.B.Act.Division 10/08/2010 DBAD/PUB 75.00 332.10954 MUN EN-82890 1 75.00 English Books

© Delhi Public Library
Hit Counter
free hit counter